| 000 | 00806nam a2200217Ia 4500 | ||
|---|---|---|---|
| 008 | 220216s9999 xx 000 0 und d | ||
| 100 | _aTian Wei-Min | ||
| 245 | 2 | _aA 67 kDa protein with glucosidase and linamarase activity associated with nitrogen storage in the large central vacuoles of protein-storing cells in the secondary phloem of Hevea brasiliensis Muell. Arg | |
| 260 | _bIRRDB Natural Rubber Conference 2008, 13-15 October 2008, Kuala Lumpur, Malaysia: Abstract of papers | ||
| 500 | _aSource Year: 2008 | ||
| 650 | _a67 kDa protein | ||
| 650 | _aCyanogenicB-glucosidase | ||
| 650 | _aNitrogen storage | ||
| 650 | _aTapping panel dryness | ||
| 700 | _aChen Yue-Yi | ||
| 700 | _aWang Wen-feng | ||
| 700 | _aWang Xu-Chu | ||
| 700 | _aZhang Hua | ||
| 856 | _uAbst only | ||
| 942 | _cJS | ||
| 999 |
_c53257 _d53257 |
||